Lombardné úvery na cenné papiere

Bankové úvery, ktoré sú kryté cennými papiermi sa v odbornej terminológii nazývajú lombardnými úvermi. Výhody lombardných úverov pre veriteľa a pre dlžníka. Registrácia záložného práva na cenné papiere. Cenné papiere, ktoré sú úverovou zábezpekou sa v čase čerpania úveru prevedú z účtu dlžníka na úč...

Descripción completa

Guardado en:
Detalles Bibliográficos
Autor principal: Mojžišová, Elena
Otros Autores: Palko, F.
Formato: Capítulo de libro
Lenguaje:eslovaco
Materias:
Etiquetas: Agregar Etiqueta
Sin Etiquetas, Sea el primero en etiquetar este registro!

MARC

LEADER 00000naa a2200000 4500
001 r020008
005 20230809082452.9
041 0 |a slo 
044 |a SK 
245 1 0 |a Lombardné úvery na cenné papiere  |c Elena Mojžišová, F. Palko 
520 |a Bankové úvery, ktoré sú kryté cennými papiermi sa v odbornej terminológii nazývajú lombardnými úvermi. Výhody lombardných úverov pre veriteľa a pre dlžníka. Registrácia záložného práva na cenné papiere. Cenné papiere, ktoré sú úverovou zábezpekou sa v čase čerpania úveru prevedú z účtu dlžníka na účet veriteľa. Po skončení úverového vzťahu a splatení úveru sa opäť spätne prevedú na účet dlžníka. V burzovej terminológii sa tento obchod nazýva repo obchodom. 
610 2 0 |a úver bankový 
610 2 0 |a úver lombardný 
610 2 0 |a papiere cenné 
610 2 0 |a veritelia 
610 2 0 |a dlžníci 
610 2 0 |a právo záložné 
610 2 0 |a operácie bankové 
610 2 0 |a repo obchody 
100 1 |a Mojžišová, Elena 
700 1 |a Palko, F.